Klejnovy gruppy i uniformizacija v primerach i zadačach

Salvato in:
Dettagli Bibliografici
Autori principali: Kruškaľ, Samuil L. (Autore), Apanasov, Boris N. (Autore), Gusevskij, Nikolaj A (Autore)
Natura: Libro
Lingua:russo
Pubblicazione: Novosibirsk : Nauka, 1981
Tags: Aggiungi Tag
Nessun Tag, puoi essere il primo ad aggiungerne!!

MARC

LEADER 00000nam a22000003a 4500
001 stu89165
005 20150617225614.9
008 040722s1981------------------------rus-d
040 |a STU  |b slo 
041 0 |a rus 
080 |a 512.7/.8 
080 |a 515.177 
080 |a 517.54 
100 1 |a Kruškaľ, Samuil L.  |4 aut 
245 1 |a Klejnovy gruppy i uniformizacija v primerach i zadačach 
260 |a Novosibirsk :  |b Nauka,  |c 1981 
300 |a 229 s 
700 1 |a Apanasov, Boris N.  |4 aut 
700 1 |a Gusevskij, Nikolaj A  |4 aut 
996 |b E49584  |c E*49584  |l EE03  |s P  |a 0  |w stu89165_0001